En torno a la poesía de Quevedo / (Record no. 50235)

MARC details
000 -LEADER
campo de control de longitud fija 00478nam a2200169 i 4500
001 - NÚMERO DE CONTROL
campo de control 50235
003 - IDENTIFICADOR DE NÚMERO DE CONTROL
campo de control ES-MaACL
005 - FECHA Y HORA DE LA ÚLTIMA TRANSACCIÓN
campo de control 20230906162139.0
007 - CAMPO FIJO DE DESCRIPCIÓN FÍSICA--INFORMACIÓN GENERAL
campo de control de longitud fija t|
008 - DATOS DE LONGITUD FIJA--INFORMACIÓN GENERAL
campo de control de longitud fija 030801s1967 sp ||||1| spa d
100 1# - ENTRADA PRINCIPAL--NOMBRE DE PERSONA
Nombre de persona Crosby, James O.
9 (RLIN) 41706
245 10 - MENCIÓN DEL TÍTULO
Título En torno a la poesía de Quevedo /
Mención de responsabilidad, etc. James O. Crosby.
260 ## - PUBLICACIÓN, DISTRIBUCIÓN, ETC.
Lugar de publicación, distribución, etc. Madrid :
Nombre del editor, distribuidor, etc. Castalia,
Fecha de publicación, distribución, etc. [1967]
300 ## - DESCRIPCIÓN FÍSICA
Extensión 268 p., 25 lám. ;
Dimensiones 22 cm.
852 ## - LOCALIZACIÓN
Ubicación ES-MaACL
Número de control de estantería C-32393
Sublocalización o colección R.62955
852 ## - LOCALIZACIÓN
Ubicación ES-MaACL
Número de control de estantería E-8160
Sublocalización o colección R.92664
Holdings
Estatus retirado Estado de pérdida Estado de daño No para préstamo Biblioteca de origen Biblioteca actual Ubicación en estantería Fecha de adquisición Fuente de adquisición Total de préstamos Signatura topográfica completa Código de barras Visto por última vez Precio de reemplazo Tipo de ítem Koha
        Biblioteca del Ateneo de Madrid Biblioteca del Ateneo de Madrid Depósito 2 17/01/2008     E-8160 1052844 23/02/2023 23/02/2023 Libro impreso
        Biblioteca del Ateneo de Madrid Biblioteca del Ateneo de Madrid Depósito 2 17/01/2008     C-32393 1052843 23/02/2023 23/02/2023 Libro impreso